000 00453nam a2200157 i 4500
001 76164
003 ES-MaACL
005 20230906172735.0
007 t|
008 040929s1910 fr ||||1| fre d
100 1 _aGuelpa, Guillaume.
_960429
245 1 0 _aAutointoxication et desintoxication /
_cpar Guillaume Guelpa.
260 _aParis :
_bOctave Doin,
_c1910 (
_fEvreux Ch. Hérissey)
300 _aV, 317 p. ;
_c18 cm.
852 _aES-MaACL
_jB-11659
999 _c76164
_d76164